| 000 | 00681nam a2200217Ia 4500 | ||
|---|---|---|---|
| 003 | OSt | ||
| 005 | 20250203094714.0 | ||
| 008 | 210210b2006 xxu||||| |||| 00| 0 eng d | ||
| 040 | _cAL | ||
| 041 | _aKannada | ||
| 082 | _aK894.2 BAND | ||
| 100 |
_aBANDAGADDE NAGARAJA _9147017 _dಬಂದಗದ್ದೆ ನಾಗರಾಜ್ |
||
| 245 |
_aDrashya ramayana : _bದೃಶ್ಯ ರಾಮಾಯಣ |
||
| 260 |
_aBengaluru _bSanskrit Pustak Bhandar _c2006 |
||
| 300 | _aviii,173 | ||
| 650 |
_aShrimad valmiki ramayanada mukhya hantagala12 rupakagalu _9147018 |
||
| 690 |
_aKannada Drama _9147019 |
||
| 700 |
_aNAGARAJA (B L) _9147022 |
||
| 906 | _a061980 | ||
| 942 |
_2ddc _cBK |
||
| 999 |
_c115914 _d115914 |
||